| 000 | 00745nas a2200265 4500 | ||
|---|---|---|---|
| 001 | BR2013002014 | ||
| 003 | BR-BrBNA | ||
| 005 | 20231205122036.0 | ||
| 007 | ta | ||
| 008 | 230509b bl.|||p| |||| 00| 00por d | ||
| 040 |
_aBR-BrBNA _bpor _cBiblioteca Nacional de Agricultura |
||
| 041 | _a(Pt) | ||
| 072 | _aL70; L40 | ||
| 100 | 1 | _aMai, W. | |
| 100 | 1 | _aBegon, D. | |
| 100 | 1 | _aCheuiche, A.J. de V. | |
| 245 | 1 | _aEcografia do baço: 1. Semiologia | |
| 650 | _aVETERINÁRIA | ||
| 650 | _aDIAGNÓSTICO | ||
| 650 | _aBAÇO | ||
| 650 | _aANATOMIA ANIMAL | ||
| 773 | 0 |
_tA Hora Veterinária (Brazil) _xISSN 0101-9163 _g(May-Jun 2000), v.20(115) p. 57-61 _wBR2013002014 |
|
| 909 |
_a202311 _bLúcia _c55 _dLúcia Elande |
||
| 942 |
_2AGRIS _n0 _cANA |
||
| 999 |
_c226617 _d226617 |
||